LEADER 01646cam0 2200337 450 001 E600200065010 005 20211103083449.0 100 $a20100622d1970 |||||ita|0103 ba 101 $ager 102 $aBE 200 1 $aDer Pantheismus nach seinen verschiedenen Hauptformen, seinem Ursprung und Fortgange, seinem speculativen und praktischen Werth und Gehalt$eEin Beitrag zur Geschichte und Kritik dieser Lehre in alter und neuer Philosophie$fvon Gottlob Benjamin Jäsche 205 $aImpression anastaltique 210 $aBruxelles$cCulture et Civilisation$d1970 215 $a3 v.$d19 cm 225 2 $aAetas kantiana$v123 300 $aRipr. facs. dell'ed. : Berlin, 1826-1832 410 1$1001LAEC00028480$12001 $a*Aetas kantiana$v123 700 1$aJäsche$b, Gottlob Benjamin$3A600200061649$4070$0220473 801 0$aIT$bUNISOB$c20211103$gRICA 850 $aUNISOB 852 $aUNISOB$j100|Coll|19|k$m18435 852 $aUNISOB$j100|Coll|19|k$m18436 852 $aUNISOB$j100|Coll|19|k$m18437 912 $aE600200065010 940 $aM 102 Monografia moderna SBN 941 $aM 957 $a100|Coll|19|k$b000123$i-1$gSi$d18435$racquisto$1cutolo$2UNISOB$3UNISOB$420100622084018.0$520211103083333.0$6Alfano 957 $a100|Coll|19|k$b000123$i-2$gSI$d18436$1Alfano$2UNISOB$3UNISOB$420211103083336.0$520211103083357.0$6Alfano 957 $a100|Coll|19|k$b000123$i-3$gSI$d18437$1Alfano$2UNISOB$3UNISOB$420211103083359.0$520211103083434.0$6Alfano 996 $aDer Pantheismus nach seinen verschiedenen Hauptformen, seinem Ursprung und Fortgange, seinem speculativen und praktischen Werth und Gehalt$91702214 997 $aUNISOB LEADER 00986nam0-2200325---450 001 990008808360403321 005 20231124175836.0 010 $a9788850651771 035 $a000880836 035 $aFED01000880836 035 $a(Aleph)000880836FED01 035 $a000880836 100 $a20090218d2007----km-y0itay50------ba 101 0 $aita 102 $aIT 105 $a----j---001yy 200 1 $aMedicina veterinaria non convenzionale$ecurare gli animali con le "altre" medicine$equali sono e dove trovarle$fPaolo Pignattelli 210 $aBologna$cEdagricole$d2007 215 $aXIII, 200 p.$cill.$d24 cm. 225 1 $aAnimali e medicina 610 0 $aMedicina veterinaria 676 $a636.08955$v22$zita 700 1$aPignattelli,$bPaolo$0432242 801 0$aIT$bUNINA$gRICA$2UNIMARC 901 $aBK 912 $a990008808360403321 952 $a636.08955 PIG1$b332$fFMVBC 959 $aFMVBC 996 $aMedicina veterinaria non convenzionale$9808008 997 $aUNINA